00575cam a22001813a 450000100060000000300060000600500170001200800410002904000150007004200070008524501240009226000290021650600300024551600200027570000270029583000290032285600420035141493PGUSA20140828083932.0121126s2012||||xxu|||||s|||||000 | eng d aPGUSAbeng adc14aThe Quarterly of the Oregon Historical Society, Vol. IV :bMarch, 1903-December, 1903h[electronic resource] /cVarious bProject Gutenberg,c2012 aPublic domain in the USA. aElectronic text1 aYoung, Frederic George 0aProject Gutenbergv4149340uhttp://www.gutenberg.org/ebooks/41493